| 000 | 01138nac a22002651i 4500 | ||
|---|---|---|---|
| 003 | EG-ScBUE | ||
| 005 | 20260401105922.0 | ||
| 008 | 260401t1987 ne a f b 001 0 eng d | ||
| 020 | _a9027725756 | ||
| 040 |
_aEG-ScBUE _beng _erda _cEG-ScBUE _dEG-ScBUE |
||
| 082 | 0 | 4 |
_a551.489 _bREG _222 |
| 111 | 2 |
_aInternational Symposium on Flood Frequency and Risk Analyses _d(1986 : _cLouisiana State University, Baton Rouge) |
|
| 245 | 0 | 0 |
_aRegional flood frequency analysis : _bproceedings of the International Symposium on Flood Frequency and Risk Analyses, 14-17 May 1986, Louisiana State University, Baton Rouge, U.S.A. / _cedited by Vijay P. Singh. |
| 264 | 1 |
_aDordrecht : _bSold and distributed in the U.S.A. and Canada by Kluwer Academic Publishers, _c[1987] |
|
| 264 | 4 | _cc1987 | |
| 300 |
_axi, 400 pages : _billustrations ; _c25 cm |
||
| 336 |
_2rdacontent _atext _btxt |
||
| 337 |
_aunmediated _2rdamedia _bn |
||
| 338 |
_avolume _bnc _2rdacarrier |
||
| 504 | _aIncludes bibliographical references and index. | ||
| 650 | 7 |
_aFloods _xCongresses. _2BUEsh |
|
| 655 | _vReading book | ||
| 700 | 1 |
_aSingh, Vijay P., _eeditor. |
|
| 942 |
_cBB _2ddc |
||
| 999 |
_c5797 _d5797 |
||